Cazucá / (Registro nro. 59737)

Detalles MARC
000 -CABECERA
Longitud fija campo de control 01714nam a2200361 4500
003 - • IDENTIFICADOR DELl NÚMERO DE CONTROL
Identificador del número de control CO-BoRNBP
005 - • FECHA Y HORA DE LA ÚLTIMA TRANSACCIÓN
Fecha y hora de la última transacción 20251031143910.0
007 - • CAMPO FIJO DE DESCRIPCIÓN FÍSICA
Campo fijo de descripción física ta
008 - • CÓDIGOS DE INFORMACIÓN DE LONGITUD FIJA
Códigos de información de longitud fija 250203s2025 ck a|||cr|||| 00| h spa d
020 ## - • NÚMERO INTERNACIONAL NORMALIZADO PARA LIBROS
Número Internacional Normalizado para Libros (ISBN) 9786287589568
040 ## - FUENTE DE LA CATALOGACIÓN
Centro catalogador de origen CO-BoRNBP
Lengua de catalogación spa
Normas de descripción rda
Centro transcriptor CO-BoRNBP
041 0# - • CÓDIGO DE LENGUA
Código de lengua del texto/banda sonora o título independiente spa
043 ## - CÓDIGO DE ÁREA GEOGRÁFICA
Código de área geográfica s-ck---
084 ## - • Clasificación Local Alfanúmerica PNLB
Número de clasificación H
100 ## - • PUNTO DE ACCESO PRINCIPAL-NOMBRE DE PERSONA
Nombre de persona Pantoja, Óscar,
Fechas asociadas al nombre 1971- ,
Término indicativo de función aut
245 10 - • TITULO PROPIAMENTE DICHO
Título Cazucá /
Mención de responsabilidad, etc. Óscar Pantoja ; ilustraciones Florencia Capella.
250 ## - • MENCIÓN DE EDICIÓN
Mención de edición Edición especial
264 #1 - PRODUCCIÓN, PUBLICACIÓN , DISTRIBUCIÓN, FABRICACIÓN Y COPYRIGHT
Lugar de producción, publicación, distribución, fabricación Bogotá, Colombia :
Nombre del productor, editor, distribuidor, fabricante Rey Naranjo,
Fecha de de producción, publicación, distribución, fabricación o copyright 2025
300 ## - • DESCRIPCIÓN FÍSICA
Extensión 25 páginas :
Otras características físicas ilustraciones a color
336 ## - TIPO DE CONTENIDO
Término de tipo de contenido texto
Código de tipo de contenido txt
Fuente rdacontenido
337 ## - TIPO DE MEDIO
Nombre del tipo de medio sin mediación
Código del tipo de medio n
Fuente rdamedio
338 ## - TIPO DE SOPORTE
Nombre del tipo de soporte volumen
Código del tipo de soporte nc
Fuente rdasoporte
520 ## - • NOTA DE RESUMEN
Resumen, etc, Luego de presentar «Cómbita» y «Tumaco», Óscar Pantoja nos trae una historia sobre la crisis ambiental vivida en uno de los sectores más marginados de Soacha, donde sus habitantes no cuentan con suficiente agua potable. Esta vez, la encargada de las ilustraciones es la argentina Florencia Capella, quien ya también ilustró el cuento infantil de Luiz Ruffato «La verdadera historia del sapo Luis
521 ## - • NOTA DE PÚBLICO DESTINATARIO
Nota público destinatario (R ) Recomendado para un público infantil a partir de los 6 años
545 ## - DATOS BIOGRÁFICOS O HISTÓRICOS
Datos bigr´ficos o históricos Incluye datos biográficos del autor y de la ilustradora
650 07 - • PUNTO DE ACCESO ADICIONAL DE MATERIA - TÉRMINO DE MATERIA
Término de materia o nombre geográfico como elemento inicial Conservación del agua
Subdivisión de forma Tiras cómicas, historietas, etc.
Fuente del encabezamiento o término lemb
650 07 - • PUNTO DE ACCESO ADICIONAL DE MATERIA - TÉRMINO DE MATERIA
Término de materia o nombre geográfico como elemento inicial Población urbana
Subdivisión de forma Tiras cómicas, historietas, etc.
Fuente del encabezamiento o término lemb
650 04 - • PUNTO DE ACCESO ADICIONAL DE MATERIA - TÉRMINO DE MATERIA
Término de materia o nombre geográfico como elemento inicial Tiras cómicas, historietas, etc. infantiles colombianas
Subdivisión cronológica Siglo XX
Fuente del encabezamiento o término LEMB
650 04 - • PUNTO DE ACCESO ADICIONAL DE MATERIA - TÉRMINO DE MATERIA
Término de materia o nombre geográfico como elemento inicial Literatura infantil colombiana
Subdivisión cronológica Siglo XX
Fuente del encabezamiento o término LEMB
700 ## - • PUNTO DE ACCESO ADICIONAL - NOMBRE DE PERSONA
Nombre de persona Capella, Florencia
Término indicativo de función ill
942 ## - ENTRADA DE ELEMENTOS AGREGADOS (KOHA)
Fuente de clasificaión o esquema
Koha [por defecto] tipo de item Literatura Infantil
Suppress in OPAC 0
Existencias
Perdido Fuente de clasificación o esquema Estado Físico No para préstamo Forma de adquisición Localización permanente Localización actual Localización en estanterías Fecha adquisición Préstamos totales Signatura completa Código de barras Fecha última consulta Número de copia Fecha del precio de reemplazo Tipo de item de Koha Fuente de adquisición Calificador de ubicación codificada Número de registro
  Dewey Decimal Classification     Infantil Biblioteca Pública Puerto López - Jorge Eliecer Gaitán Biblioteca Pública Puerto López - Jorge Eliecer Gaitán Sala Infantil 02/09/2026   H PLZ01722 02/09/2026 Ej.1 02/09/2026 Literatura Infantil      
  Dewey Decimal Classification     Infantil Biblioteca Pública Mapiripan Biblioteca Pública Mapiripan Sala Infantil 10/31/2025   H PAN3 MAP00004627 10/31/2025 Ej.1 10/31/2025 Literatura Infantil      
  Dewey Decimal Classification     Infantil Biblioteca Pública Mesetas - Franco lodo Poloxi Biblioteca Pública Mesetas - Franco lodo Poloxi Sala Infantil 02/17/2026   H PAN3 ME02376 02/17/2026 Ej.1 02/17/2026 Literatura Infantil      
  Dewey Decimal Classification     Infantil Biblioteca Pública Rural El Yarí- vereda Playa Rica La Macarena Biblioteca Pública Rural El Yarí- vereda Playa Rica La Macarena Sala Infantil 10/16/2025   H 9786287589568 11/10/2025 Ej.1 11/10/2025 Literatura Infantil biblioteca nacional 9786287589568  
  Dewey Decimal Classification     Colección Depósito Legal del Meta Biblioteca Pública Vistahermosa Biblioteca Pública Vistahermosa General 11/30/2025   H PAN 3 VIST 0002792 03/09/2026 Ej.1 03/09/2026 Literatura Infantil DONACION RED DE BIBLIOTECA   PAN3









Instituto Departamental de Cultura del Meta - Red Departamental de Bibliotecas Públicas del Meta.